000 00411nam a22001697a 4500
005 20160531120703.0
008 160531b xxu||||| |||| 00| 0 eng d
020 _a81-8186-007-1
041 _aeng
082 _b6336
100 _aGupta, S.K.
_9258
245 _aPrinciples of Management
260 _aNew Delhi
_bVikas Publishing House (P) Ltd.
300 _a432
650 _aManagement
_9241
942 _cBK
999 _c2234
_d2233